[Event "ODJM A 2022"]
[Site "Willingen GER"]
[Date "2022.06.06"]
[Round "3"]
[White "Nied, Pascal"]
[Black "Stelmaszyk, Nico"]
[Result "1/2-1/2"]
[Termination "normal"]
[Board "1"]
[BlackTitle "FM"]
[WhiteElo "2030"]
[BlackElo "2302"]
[WhiteClock "00:08:06"]
[BlackClock "00:07:24"]
[PlyCount "134"]
[WhiteFideId "16260597"]
[BlackFideId "16200462"]
[EventCountry "GER"]
[EventRounds "9"]
[EventType "swiss"]
[EventDate "2022.06.04"]

1. e4 {[%clk 1:30:58]} c5 {[%clk 1:30:56]} 2. Nf3 {[%clk 1:31:24]} e6 {[%clk
1:31:22]} 3. d4 {[%clk 1:31:50]} cxd4 {[%clk 1:31:48]} 4. Nxd4 {[%clk 1:32:17]}
Nf6 {[%clk 1:32:12]} 5. Nc3 {[%clk 1:32:43]} Nc6 {[%clk 1:32:35]} 6. Ndb5
{[%clk 1:33:07]} d6 {[%clk 1:33:00]} 7. Bf4 {[%clk 1:33:30]} e5 {[%clk
1:33:26]} 8. Bg5 {[%clk 1:33:57]} a6 {[%clk 1:33:52]} 9. Na3 {[%clk 1:34:23]}
b5 {[%clk 1:34:18]} 10. Nd5 {[%clk 1:34:50]} Be7 {[%clk 1:34:43]} 11. Bxf6
{[%clk 1:35:15]} Bxf6 {[%clk 1:35:08]} 12. c4 {[%clk 1:35:40]} b4 {[%clk
1:35:35]} 13. Nc2 {[%clk 1:36:07]} a5 {[%clk 1:36:01]} 14. g3 {[%clk 1:36:28]}
g6 {[%clk 1:36:27]} 15. Bg2 {[%clk 1:36:09]} Bg7 {[%clk 1:34:11]} 16. O-O
{[%clk 1:36:03]} O-O {[%clk 1:34:35]} 17. Nde3 {[%clk 1:24:59]} Ra7 {[%clk
1:24:00]} 18. Qd3 {[%clk 1:21:11]} Be6 {[%clk 1:18:26]} 19. b3 {[%clk 1:13:28]}
Qb6 {[%clk 1:13:52]} 20. Rad1 {[%clk 1:11:54]} Rd7 {[%clk 1:09:34]} 21. Kh1
{[%clk 1:09:12]} Ne7 {[%clk 0:56:27]} 22. f4 {[%clk 1:00:39]} exf4 {[%clk
0:51:13]} 23. gxf4 {[%clk 0:53:54]} f5 {[%clk 0:49:31]} 24. Nd4 {[%clk
0:38:01]} Bxd4 {[%clk 0:44:15]} 25. Qxd4 {[%clk 0:38:17]} Qxd4 {[%clk 0:44:25]}
26. Rxd4 {[%clk 0:38:44]} fxe4 {[%clk 0:44:16]} 27. Bxe4 {[%clk 0:26:12]} Rf6
{[%clk 0:39:40]} 28. Kg2 {[%clk 0:19:14]} Ra7 {[%clk 0:35:36]} 29. Kg3 {[%clk
0:17:35]} Ra6 {[%clk 0:33:17]} 30. Rfd1 {[%clk 0:15:42]} Bc8 {[%clk 0:27:47]}
31. R1d2 {[%clk 0:10:13]} Kg7 {[%clk 0:23:04]} 32. Bc2 {[%clk 0:03:42]} Re6
{[%clk 0:12:23]} 33. Re4 {[%clk 0:03:14]} Rxe4 {[%clk 0:12:48]} 34. Bxe4 {[%clk
0:03:40]} Kf6 {[%clk 0:13:08]} 35. Kf3 {[%clk 0:02:42]} Be6 {[%clk 0:12:12]}
36. Bd5 {[%clk 0:02:15]} Bh3 {[%clk 0:09:01]} 37. Bb7 {[%clk 0:01:27]} Rb6
{[%clk 0:09:24]} 38. Be4 {[%clk 0:01:36]} Bc8 {[%clk 0:07:56]} 39. Nd5+ {[%clk
0:01:30]} Nxd5 {[%clk 0:08:16]} 40. Rxd5 {[%clk 0:01:37]} Ra6 {[%clk 0:07:11]}
41. Rb5 {[%clk 0:28:17]} Ra7 {[%clk 0:36:05]} 42. Rb6 {[%clk 0:27:16]} Ke7
{[%clk 0:35:44]} 43. Ke3 {[%clk 0:26:04]} Bd7 {[%clk 0:25:42]} 44. Rb8 {[%clk
0:23:36]} Kf6 {[%clk 0:19:57]} 45. Kd4 {[%clk 0:18:26]} Rc7 {[%clk 0:18:34]}
46. Rb7 {[%clk 0:17:26]} Rxb7 {[%clk 0:18:58]} 47. Bxb7 {[%clk 0:17:53]} Ke7
{[%clk 0:13:26]} 48. Be4 {[%clk 0:16:01]} Be6 {[%clk 0:12:37]} 49. c5 {[%clk
0:15:31]} Kd7 {[%clk 0:11:55]} 50. Bd5 {[%clk 0:15:02]} Bf5 {[%clk 0:10:35]}
51. Kc4 {[%clk 0:13:57]} dxc5 {[%clk 0:09:11]} 52. Kxc5 {[%clk 0:14:19]} Bb1
{[%clk 0:08:42]} 53. Kb5 {[%clk 0:14:12]} Kd6 {[%clk 0:07:30]} 54. Bg8 {[%clk
0:14:31]} h6 {[%clk 0:06:51]} 55. Kxa5 {[%clk 0:12:04]} Kc5 {[%clk 0:07:15]}
56. h4 {[%clk 0:08:13]} Bxa2 {[%clk 0:07:07]} 57. h5 {[%clk 0:08:16]} gxh5
{[%clk 0:07:00]} 58. f5 {[%clk 0:07:59]} h4 {[%clk 0:07:05]} 59. f6 {[%clk
0:07:41]} Kd6 {[%clk 0:07:29]} 60. Kxb4 {[%clk 0:07:21]} h3 61. Bd5 {[%clk
0:07:18]} h2 {[%clk 0:06:59]} 62. Bh1 {[%clk 0:06:33]} Ke6 {[%clk 0:07:01]} 63.
Kc3 {[%clk 0:06:40]} Kxf6 {[%clk 0:06:27]} 64. Kb2 {[%clk 0:06:56]} Bxb3 {[%clk
0:06:44]} 65. Kxb3 {[%clk 0:07:24]} Kf5 {[%clk 0:06:39]} 66. Kc3 {[%clk
0:07:42]} Kf4 {[%clk 0:07:03]} 67. Kd2 {[%clk 0:08:06]} Ke5 {[%clk 0:07:24]}
1/2-1/2

[Event "ODJM A 2022"]
[Site "Willingen GER"]
[Date "2022.06.06"]
[Round "3"]
[White "Brinkmann, Fabian"]
[Black "Reimer, Philip"]
[Result "1/2-1/2"]
[Termination "normal"]
[Board "2"]
[WhiteElo "2126"]
[BlackElo "1977"]
[WhiteClock "00:29:16"]
[BlackClock "00:31:00"]
[PlyCount "82"]
[WhiteFideId "24661414"]
[BlackFideId "16235860"]
[EventCountry "GER"]
[EventRounds "9"]
[EventType "swiss"]
[EventDate "2022.06.04"]

1. e4 {[%clk 1:30:56]} c5 {[%clk 1:30:50]} 2. Nf3 {[%clk 1:31:10]} Nc6 {[%clk
1:31:13]} 3. d4 {[%clk 1:31:33]} cxd4 {[%clk 1:31:38]} 4. Nxd4 {[%clk 1:31:59]}
Nf6 {[%clk 1:32:02]} 5. Nc3 {[%clk 1:32:24]} e5 {[%clk 1:32:28]} 6. Ndb5 {[%clk
1:32:49]} d6 {[%clk 1:32:53]} 7. Nd5 {[%clk 1:33:06]} Nxd5 {[%clk 1:33:16]} 8.
exd5 {[%clk 1:33:30]} Ne7 {[%clk 1:33:39]} 9. c4 {[%clk 1:32:20]} Ng6 {[%clk
1:30:26]} 10. Be2 {[%clk 1:30:18]} a6 {[%clk 1:29:46]} 11. Nc3 {[%clk 1:30:38]}
Be7 {[%clk 1:29:58]} 12. O-O {[%clk 1:28:12]} O-O {[%clk 1:30:06]} 13. Bd2
{[%clk 1:26:52]} f5 {[%clk 1:27:09]} 14. a4 {[%clk 1:25:20]} e4 {[%clk
1:20:38]} 15. a5 {[%clk 1:14:37]} Ne5 {[%clk 0:56:35]} 16. f4 {[%clk 0:56:19]}
exf3 {[%clk 0:51:47]} 17. gxf3 {[%clk 0:55:08]} f4 {[%clk 0:47:39]} 18. Kh1
{[%clk 0:50:53]} g5 {[%clk 0:40:25]} 19. Rg1 {[%clk 0:47:15]} Kh8 {[%clk
0:40:40]} 20. Ne4 {[%clk 0:44:43]} Bf5 {[%clk 0:21:20]} 21. Nf2 {[%clk
0:28:12]} Bf6 {[%clk 0:18:53]} 22. Bc3 {[%clk 0:25:03]} Nd7 {[%clk 0:18:36]}
23. Qd2 {[%clk 0:23:12]} Be5 {[%clk 0:17:41]} 24. Bd3 {[%clk 0:20:23]} Qf6
{[%clk 0:16:45]} 25. Rac1 {[%clk 0:16:50]} Rac8 {[%clk 0:14:13]} 26. b4 {[%clk
0:15:01]} Bxc3 {[%clk 0:12:20]} 27. Qxc3 {[%clk 0:15:00]} Qxc3 {[%clk 0:12:03]}
28. Rxc3 {[%clk 0:15:21]} Ne5 {[%clk 0:09:28]} 29. Bxf5 {[%clk 0:15:14]} Rxf5
{[%clk 0:09:53]} 30. Rgc1 {[%clk 0:14:48]} h5 {[%clk 0:08:29]} 31. c5 {[%clk
0:12:25]} dxc5 {[%clk 0:02:08]} 32. bxc5 {[%clk 0:12:53]} g4 {[%clk 0:02:26]}
33. fxg4 {[%clk 0:12:39]} Nxg4 {[%clk 0:01:36]} 34. Nxg4 {[%clk 0:11:37]} hxg4
{[%clk 0:02:05]} 35. Rd1 {[%clk 0:10:22]} Kg7 {[%clk 0:02:27]} 36. Rc4 {[%clk
0:09:16]} Kf7 {[%clk 0:02:00]} 37. d6 {[%clk 0:07:03]} Ke6 {[%clk 0:02:05]} 38.
c6 {[%clk 0:01:19]} bxc6 {[%clk 0:02:10]} 39. d7 {[%clk 0:01:47]} Rd8 {[%clk
0:02:31]} 40. Rxc6+ {[%clk 0:02:10]} Ke7 {[%clk 0:02:47]} 41. Rxa6 {[%clk
0:29:16]} Rxd7 {[%clk 0:31:00]} 1/2-1/2

[Event "ODJM A 2022"]
[Site "Willingen GER"]
[Date "2022.06.06"]
[Round "3"]
[White "Zha, Kevin"]
[Black "Meiwes, Thore"]
[Result "0-1"]
[Termination "normal"]
[Board "4"]
[WhiteElo "1835"]
[BlackElo "2079"]
[WhiteClock "00:27:38"]
[BlackClock "01:13:25"]
[PlyCount "98"]
[WhiteFideId "16208951"]
[BlackFideId "16201256"]
[EventCountry "GER"]
[EventRounds "9"]
[EventType "swiss"]
[EventDate "2022.06.04"]

1. e4 {[%clk 1:30:58]} c6 {[%clk 1:30:42]} 2. d4 {[%clk 1:31:21]} d5 {[%clk
1:31:00]} 3. e5 {[%clk 1:31:44]} Bf5 {[%clk 1:31:22]} 4. h4 {[%clk 1:32:10]} h5
{[%clk 1:31:36]} 5. Bd3 {[%clk 1:32:27]} Bxd3 {[%clk 1:31:52]} 6. Qxd3 {[%clk
1:32:49]} Qa5+ {[%clk 1:32:13]} 7. Nd2 {[%clk 1:33:13]} e6 {[%clk 1:32:32]} 8.
Ngf3 {[%clk 1:32:30]} Nh6 {[%clk 1:32:51]} 9. O-O {[%clk 1:32:18]} Nf5 {[%clk
1:33:02]} 10. c4 {[%clk 1:32:12]} Be7 11. g3 {[%clk 1:31:18]} O-O {[%clk
1:33:37]} 12. Rd1 {[%clk 1:24:50]} Rd8 {[%clk 1:32:36]} 13. b3 {[%clk 1:19:39]}
c5 {[%clk 1:32:38]} 14. cxd5 {[%clk 0:47:04]} Rxd5 {[%clk 1:32:18]} 15. Nc4
{[%clk 0:47:20]} Qa6 {[%clk 1:19:53]} 16. Ne3 {[%clk 0:19:33]} Qxd3 {[%clk
1:20:00]} 17. Rxd3 {[%clk 0:19:59]} Nxe3 {[%clk 1:19:40]} 18. fxe3 {[%clk
0:18:42]} cxd4 {[%clk 1:19:12]} 19. exd4 {[%clk 0:15:25]} Nc6 {[%clk 1:19:26]}
20. Be3 {[%clk 0:15:31]} Bc5 {[%clk 1:19:21]} 21. Kf1 {[%clk 0:13:58]} Rad8
{[%clk 1:18:04]} 22. Rad1 {[%clk 0:11:10]} f6 {[%clk 1:14:35]} 23. exf6 {[%clk
0:10:38]} gxf6 {[%clk 1:11:55]} 24. Ke2 {[%clk 0:10:50]} Bb6 {[%clk 1:11:17]}
25. a3 {[%clk 0:09:11]} Kf7 {[%clk 1:10:45]} 26. b4 {[%clk 0:08:39]} Ne7 {[%clk
1:10:40]} 27. Bf2 {[%clk 0:05:29]} Nf5 {[%clk 1:11:06]} 28. R3d2 {[%clk
0:05:39]} Rg8 {[%clk 1:10:11]} 29. Rg1 {[%clk 0:05:29]} Bc7 {[%clk 1:08:09]}
30. Rc2 {[%clk 0:03:40]} Bd6 {[%clk 1:07:15]} 31. Kd3 {[%clk 0:03:16]} a5
{[%clk 1:06:29]} 32. Be1 {[%clk 0:03:03]} axb4 {[%clk 1:05:40]} 33. axb4 {[%clk
0:03:30]} Rg4 {[%clk 1:04:55]} 34. Bf2 {[%clk 0:02:43]} Nxg3 {[%clk 1:03:32]}
35. Nh2 {[%clk 0:02:07]} Rg8 {[%clk 1:02:00]} 36. Bxg3 {[%clk 0:01:19]} Rxg3+
{[%clk 1:00:48]} 37. Rxg3 {[%clk 0:01:42]} Bxg3 {[%clk 1:01:14]} 38. Nf3 {[%clk
0:02:10]} Bd6 {[%clk 0:59:38]} 39. Rc8 {[%clk 0:02:23]} Rb5 {[%clk 0:58:27]}
40. Ke4 {[%clk 0:00:41]} Rxb4 {[%clk 0:57:43]} 41. Rh8 {[%clk 0:00:56]} Rb5
{[%clk 0:56:56]} 42. Nd2 {[%clk 0:29:46]} Bg3 {[%clk 1:25:02]} 43. Rh7+ {[%clk
0:28:32]} Kg6 {[%clk 1:23:38]} 44. Re7 {[%clk 0:28:52]} Rb2 {[%clk 1:17:13]}
45. Nc4 {[%clk 0:26:30]} Rb4 {[%clk 1:17:27]} 46. Ne3 {[%clk 0:26:29]} f5+
{[%clk 1:13:21]} 47. Kf3 {[%clk 0:26:52]} Kf6 {[%clk 1:13:37]} 48. Rh7 {[%clk
0:27:11]} Bxh4 {[%clk 1:13:31]} 49. Rxh5 {[%clk 0:27:38]} Rxd4 {[%clk 1:13:25]}
0-1

[Event "ODJM A 2022"]
[Site "Willingen GER"]
[Date "2022.06.06"]
[Round "3"]
[White "Wensing, Maximilian"]
[Black "Struck, Lasse"]
[Result "1-0"]
[Termination "normal"]
[Board "5"]
[WhiteElo "2063"]
[BlackElo "1847"]
[WhiteClock "00:49:07"]
[BlackClock "00:27:29"]
[PlyCount "41"]
[WhiteFideId "16222415"]
[BlackFideId "16255623"]
[EventCountry "GER"]
[EventRounds "9"]
[EventType "swiss"]
[EventDate "2022.06.04"]

1. c4 {[%clk 1:30:56]} c5 {[%clk 1:30:47]} 2. g3 {[%clk 1:31:16]} Nc6 {[%clk
1:31:02]} 3. Bg2 {[%clk 1:31:40]} g6 {[%clk 1:31:26]} 4. Nc3 {[%clk 1:32:06]}
Bg7 {[%clk 1:31:48]} 5. a3 {[%clk 1:31:46]} d6 {[%clk 1:32:04]} 6. Rb1 {[%clk
1:32:01]} a5 {[%clk 1:31:07]} 7. d3 {[%clk 1:29:43]} e5 {[%clk 1:28:54]} 8. h4
{[%clk 1:24:54]} Bg4 {[%clk 1:19:50]} 9. Nd5 {[%clk 1:22:09]} h6 {[%clk
1:17:08]} 10. f3 {[%clk 1:11:00]} Be6 {[%clk 1:13:45]} 11. h5 {[%clk 1:11:21]}
Nge7 {[%clk 1:08:51]} 12. hxg6 {[%clk 1:08:37]} fxg6 {[%clk 0:58:54]} 13. e4
{[%clk 1:07:42]} b5 {[%clk 0:53:47]} 14. f4 {[%clk 1:01:10]} Nd4 {[%clk
0:51:19]} 15. Be3 {[%clk 1:00:32]} bxc4 {[%clk 0:47:14]} 16. dxc4 {[%clk
0:59:37]} exf4 {[%clk 0:44:03]} 17. gxf4 {[%clk 0:59:09]} a4 {[%clk 0:41:12]}
18. Bh3 {[%clk 0:53:44]} Nxd5 {[%clk 0:37:39]} 19. cxd5 {[%clk 0:50:21]} Qh4+
{[%clk 0:33:14]} 20. Kf1 {[%clk 0:49:08]} Bc8 {[%clk 0:27:29]} 21. Bd7+ {[%clk
0:49:07]} 1-0

[Event "ODJM A 2022"]
[Site "Willingen GER"]
[Date "2022.06.06"]
[Round "3"]
[White "Kardoeus, David"]
[Black "Irkilmez, Yakub"]
[Result "1/2-1/2"]
[Termination "normal"]
[Board "6"]
[WhiteElo "2142"]
[BlackElo "2169"]
[WhiteClock "00:14:18"]
[BlackClock "00:11:12"]
[PlyCount "90"]
[WhiteFideId "12912050"]
[BlackFideId "16204581"]
[EventCountry "GER"]
[EventRounds "9"]
[EventType "swiss"]
[EventDate "2022.06.04"]

1. e4 {[%clk 1:29:43]} e6 {[%clk 1:30:47]} 2. d4 {[%clk 1:29:10]} d5 {[%clk
1:31:06]} 3. Nd2 {[%clk 1:29:20]} c5 {[%clk 1:26:27]} 4. exd5 {[%clk 1:28:54]}
Qxd5 {[%clk 1:26:46]} 5. Ngf3 {[%clk 1:29:08]} cxd4 {[%clk 1:27:09]} 6. Bc4
{[%clk 1:29:29]} Qd6 {[%clk 1:27:28]} 7. O-O {[%clk 1:29:48]} Nf6 {[%clk
1:27:51]} 8. Nb3 {[%clk 1:29:57]} Nc6 {[%clk 1:27:54]} 9. Nbxd4 {[%clk
1:30:14]} Nxd4 {[%clk 1:28:15]} 10. Nxd4 {[%clk 1:30:30]} a6 {[%clk 1:28:27]}
11. c3 {[%clk 1:30:31]} Qc7 {[%clk 1:26:41]} 12. Qe2 {[%clk 1:30:51]} h6 {[%clk
1:26:43]} 13. Rd1 {[%clk 1:16:33]} Be7 {[%clk 1:25:21]} 14. Nf3 {[%clk
1:04:27]} O-O {[%clk 1:23:19]} 15. Rd4 {[%clk 0:58:21]} b5 {[%clk 1:04:26]} 16.
Bf4 {[%clk 0:57:29]} Qc5 {[%clk 1:00:45]} 17. b4 {[%clk 0:51:29]} Qb6 {[%clk
0:59:18]} 18. Bb3 {[%clk 0:44:21]} Bb7 {[%clk 0:57:08]} 19. Ne5 {[%clk
0:40:31]} Rad8 {[%clk 0:54:37]} 20. Be3 {[%clk 0:35:50]} Qc7 {[%clk 0:54:22]}
21. Rxd8 {[%clk 0:31:05]} Rxd8 {[%clk 0:54:18]} 22. Bd4 {[%clk 0:30:51]} Bxb4
{[%clk 0:38:53]} 23. Qe3 {[%clk 0:18:32]} Rxd4 {[%clk 0:36:47]} 24. cxd4 {[%clk
0:16:50]} Bc3 {[%clk 0:36:18]} 25. Rc1 {[%clk 0:11:20]} b4 {[%clk 0:36:23]} 26.
a3 {[%clk 0:01:42]} a5 {[%clk 0:36:37]} 27. Qd3 {[%clk 0:01:41]} Qd6 {[%clk
0:34:24]} 28. axb4 {[%clk 0:01:37]} axb4 {[%clk 0:34:47]} 29. Rxc3 {[%clk
0:01:00]} bxc3 {[%clk 0:34:45]} 30. Qxc3 {[%clk 0:01:23]} Ne4 {[%clk 0:34:19]}
31. Qe3 {[%clk 0:01:10]} Qa3 {[%clk 0:32:57]} 32. h4 {[%clk 0:00:41]} Qa1+
{[%clk 0:25:57]} 33. Kh2 {[%clk 0:01:10]} Nf6 {[%clk 0:24:54]} 34. f3 {[%clk
0:01:31]} Qb2 {[%clk 0:23:08]} 35. Kh3 {[%clk 0:01:45]} Bd5 {[%clk 0:22:52]}
36. Bd1 {[%clk 0:00:59]} Qa1 {[%clk 0:20:23]} 37. Qd3 {[%clk 0:00:52]} Qc1
{[%clk 0:20:15]} 38. Kh2 {[%clk 0:00:36]} Nh5 {[%clk 0:17:21]} 39. Bc2 {[%clk
0:00:36]} Qf4+ {[%clk 0:17:40]} 40. Kg1 {[%clk 0:00:40]} Qxh4 {[%clk 0:05:43]}
41. Qc3 {[%clk 0:27:19]} Qd8 {[%clk 0:33:08]} 42. Qc5 {[%clk 0:22:48]} Nf6
{[%clk 0:31:58]} 43. Qa7 {[%clk 0:22:58]} Qf8 {[%clk 0:31:24]} 44. Qc7 {[%clk
0:16:09]} h5 {[%clk 0:15:02]} 45. Bd3 {[%clk 0:14:18]} Qe8 {[%clk 0:11:12]}
1/2-1/2

[Event "ODJM A 2022"]
[Site "Willingen GER"]
[Date "2022.06.06"]
[Round "3"]
[White "Kamp, Adrian"]
[Black "Gallasch, Jonas"]
[Result "0-1"]
[Termination "normal"]
[Board "7"]
[WhiteElo "1969"]
[BlackElo "2060"]
[WhiteClock "00:01:47"]
[BlackClock "00:02:16"]
[PlyCount "68"]
[WhiteFideId "16222466"]
[BlackFideId "16222474"]
[EventCountry "GER"]
[EventRounds "9"]
[EventType "swiss"]
[EventDate "2022.06.04"]

1. e4 {[%clk 1:30:54]} c5 {[%clk 1:30:54]} 2. Nf3 {[%clk 1:31:14]} e6 {[%clk
1:31:18]} 3. c3 {[%clk 1:31:17]} Nc6 {[%clk 1:31:21]} 4. Bb5 {[%clk 1:30:15]}
Nge7 {[%clk 1:29:21]} 5. O-O {[%clk 1:28:49]} a6 {[%clk 1:28:10]} 6. Ba4 {[%clk
1:27:14]} b5 {[%clk 1:26:30]} 7. Bc2 {[%clk 1:27:32]} d5 {[%clk 1:24:32]} 8. d4
{[%clk 1:24:17]} cxd4 {[%clk 1:19:44]} 9. cxd4 {[%clk 1:20:32]} Nb4 {[%clk
1:15:35]} 10. Nc3 {[%clk 1:16:38]} Nxc2 {[%clk 1:14:48]} 11. Qxc2 {[%clk
1:16:48]} dxe4 {[%clk 1:00:45]} 12. Qxe4 {[%clk 1:08:38]} Rb8 {[%clk 0:59:17]}
13. Bg5 {[%clk 0:50:33]} Bb7 {[%clk 0:55:30]} 14. Qg4 {[%clk 0:46:18]} b4
{[%clk 0:18:34]} 15. Na4 {[%clk 0:36:44]} Bxf3 {[%clk 0:18:22]} 16. Qxf3 {[%clk
0:32:05]} Qd5 {[%clk 0:17:44]} 17. Qg3 {[%clk 0:29:58]} Nc6 {[%clk 0:17:36]}
18. Bf4 {[%clk 0:19:07]} Nxd4 {[%clk 0:03:19]} 19. Rfe1 {[%clk 0:17:56]} Rb7
{[%clk 0:03:21]} 20. Rac1 {[%clk 0:16:49]} f6 {[%clk 0:03:17]} 21. Rc8+ {[%clk
0:12:06]} Kf7 {[%clk 0:03:42]} 22. Qe3 {[%clk 0:10:45]} Rg8 {[%clk 0:01:39]}
23. Rd1 {[%clk 0:06:54]} e5 {[%clk 0:01:31]} 24. h3 {[%clk 0:06:13]} Be7 {[%clk
0:01:33]} 25. Rxg8 Kxg8 {[%clk 0:02:02]} 26. Qd3 {[%clk 0:02:41]} Rd7 {[%clk
0:01:48]} 27. Bd2 {[%clk 0:01:58]} Qb5 {[%clk 0:00:57]} 28. Qxb5 {[%clk
0:01:06]} axb5 {[%clk 0:00:54]} 29. Nb6 {[%clk 0:01:20]} Rd8 {[%clk 0:01:19]}
30. a4 {[%clk 0:00:42]} bxa3 {[%clk 0:01:35]} 31. bxa3 {[%clk 0:00:42]} Bc5
{[%clk 0:01:08]} 32. Ba5 {[%clk 0:01:00]} Ne2+ {[%clk 0:01:28]} 33. Kf1 {[%clk
0:01:23]} Rxd1+ {[%clk 0:01:53]} 34. Kxe2 {[%clk 0:01:47]} Rd6 {[%clk 0:02:16]}
0-1

[Event "ODJM A 2022"]
[Site "Willingen GER"]
[Date "2022.06.06"]
[Round "3"]
[White "Gerlach, Felix"]
[Black "Jenner, Meikel"]
[Result "1/2-1/2"]
[Termination "normal"]
[Board "8"]
[WhiteElo "2072"]
[BlackElo "1981"]
[WhiteClock "00:00:37"]
[BlackClock "00:27:45"]
[PlyCount "69"]
[WhiteFideId "12957690"]
[BlackFideId "16245342"]
[EventCountry "GER"]
[EventRounds "9"]
[EventType "swiss"]
[EventDate "2022.06.04"]

1. c4 {[%clk 1:30:57]} Nf6 {[%clk 1:30:52]} 2. g3 {[%clk 1:31:18]} e6 {[%clk
1:31:17]} 3. Bg2 {[%clk 1:31:38]} d5 {[%clk 1:31:28]} 4. Nf3 {[%clk 1:32:03]}
c6 {[%clk 1:31:20]} 5. b3 {[%clk 1:29:59]} Bd6 {[%clk 1:30:09]} 6. Bb2 {[%clk
1:29:30]} Nbd7 {[%clk 1:30:01]} 7. Nc3 {[%clk 1:27:10]} O-O {[%clk 1:25:51]} 8.
Rc1 {[%clk 1:24:28]} b6 {[%clk 1:24:39]} 9. O-O {[%clk 1:23:35]} Ba6 {[%clk
1:24:13]} 10. Nd4 {[%clk 1:11:09]} Rc8 {[%clk 1:20:32]} 11. cxd5 {[%clk
1:10:25]} cxd5 {[%clk 1:14:51]} 12. Ncb5 {[%clk 0:39:08]} Bb8 {[%clk 1:11:01]}
13. a4 {[%clk 0:34:51]} Bb7 {[%clk 1:04:53]} 14. Ba3 {[%clk 0:34:23]} Nc5
{[%clk 1:04:44]} 15. b4 {[%clk 0:31:59]} Ncd7 {[%clk 0:59:41]} 16. Qb3 {[%clk
0:32:05]} Qe7 {[%clk 0:55:32]} 17. f4 {[%clk 0:28:56]} a6 {[%clk 0:53:23]} 18.
Nc3 {[%clk 0:29:12]} Bd6 {[%clk 0:52:57]} 19. d3 {[%clk 0:23:54]} g6 {[%clk
0:50:45]} 20. Nf3 {[%clk 0:19:05]} Rc7 {[%clk 0:47:14]} 21. Na2 {[%clk
0:11:17]} Rfc8 {[%clk 0:45:53]} 22. Bb2 {[%clk 0:11:21]} Qd8 {[%clk 0:38:50]}
23. Bd4 {[%clk 0:10:01]} Rxc1 {[%clk 0:37:39]} 24. Rxc1 {[%clk 0:09:48]} Rxc1+
{[%clk 0:37:49]} 25. Nxc1 {[%clk 0:10:13]} Qc7 {[%clk 0:37:51]} 26. Na2 {[%clk
0:10:05]} e5 {[%clk 0:30:13]} 27. fxe5 {[%clk 0:10:16]} Nxe5 {[%clk 0:30:39]}
28. Qb2 {[%clk 0:07:52]} Nfd7 {[%clk 0:28:24]} 29. Nxe5 {[%clk 0:03:16]} Bxe5
{[%clk 0:28:28]} 30. Bxe5 {[%clk 0:03:06]} Qxe5 {[%clk 0:28:52]} 31. Qxe5
{[%clk 0:03:14]} Nxe5 {[%clk 0:29:19]} 32. Nc3 {[%clk 0:01:45]} d4 {[%clk
0:29:33]} 33. Na2 {[%clk 0:00:43]} Bxg2 {[%clk 0:27:21]} 34. Kxg2 {[%clk
0:01:02]} Kf8 {[%clk 0:27:45]} 35. Nc1 {[%clk 0:00:37]} 1/2-1/2

[Event "ODJM A 2022"]
[Site "Willingen GER"]
[Date "2022.06.06"]
[Round "3"]
[White "François, Yannick"]
[Black "Schmitt, Daniel"]
[Result "1-0"]
[Termination "normal"]
[Board "9"]
[WhiteElo "1867"]
[BlackElo "2128"]
[WhiteClock "00:25:54"]
[BlackClock "00:06:33"]
[PlyCount "77"]
[WhiteFideId "16200918"]
[BlackFideId "16279018"]
[EventCountry "GER"]
[EventRounds "9"]
[EventType "swiss"]
[EventDate "2022.06.04"]

1. c4 {[%clk 1:30:48]} c5 {[%clk 1:30:45]} 2. Nc3 {[%clk 1:30:49]} Nf6 {[%clk
1:31:08]} 3. g3 {[%clk 1:31:09]} d5 {[%clk 1:31:33]} 4. cxd5 {[%clk 1:31:28]}
Nxd5 {[%clk 1:31:57]} 5. Bg2 {[%clk 1:31:49]} Nc7 {[%clk 1:32:23]} 6. e3 {[%clk
1:30:42]} e5 {[%clk 1:31:36]} 7. Nge2 {[%clk 1:29:32]} Nc6 {[%clk 1:28:12]} 8.
O-O {[%clk 1:29:51]} Be7 {[%clk 1:28:17]} 9. f4 {[%clk 1:30:10]} exf4 {[%clk
1:27:51]} 10. Nxf4 {[%clk 1:30:30]} O-O {[%clk 1:27:24]} 11. b3 {[%clk
1:30:51]} Bf5 {[%clk 1:15:57]} 12. Ba3 {[%clk 1:29:22]} Qd7 {[%clk 1:14:22]}
13. Rc1 {[%clk 1:27:57]} Rad8 {[%clk 1:07:22]} 14. Ncd5 {[%clk 1:25:15]} Bg4
{[%clk 1:00:14]} 15. Qc2 {[%clk 1:23:49]} b6 {[%clk 0:58:46]} 16. Nxe7+ {[%clk
1:21:35]} Nxe7 {[%clk 0:58:55]} 17. d4 {[%clk 1:21:46]} Nb5 {[%clk 0:55:22]}
18. Bb2 {[%clk 1:19:21]} cxd4 {[%clk 0:52:52]} 19. exd4 {[%clk 1:19:39]} Rc8
{[%clk 0:45:31]} 20. Qd2 {[%clk 1:14:04]} Rxc1 {[%clk 0:35:22]} 21. Rxc1 {[%clk
1:14:17]} Rd8 {[%clk 0:35:13]} 22. h3 {[%clk 1:12:41]} Bf5 {[%clk 0:29:27]} 23.
d5 {[%clk 1:09:25]} Bg6 {[%clk 0:25:51]} 24. a4 {[%clk 1:04:00]} Nd6 {[%clk
0:24:32]} 25. g4 {[%clk 1:03:49]} Ne8 {[%clk 0:14:55]} 26. Ba3 {[%clk 0:58:51]}
Nd6 {[%clk 0:13:29]} 27. Qb4 {[%clk 0:57:52]} Nec8 {[%clk 0:13:27]} 28. Rc6
{[%clk 0:52:38]} Qe8 {[%clk 0:12:01]} 29. Nxg6 {[%clk 0:49:14]} hxg6 {[%clk
0:12:13]} 30. Qf4 {[%clk 0:49:22]} Qe7 {[%clk 0:10:11]} 31. Kh2 {[%clk
0:48:57]} Qd7 {[%clk 0:09:59]} 32. Qe5 {[%clk 0:47:46]} Qe8 {[%clk 0:07:21]}
33. Qc3 {[%clk 0:40:16]} f6 {[%clk 0:06:22]} 34. Rc7 {[%clk 0:36:03]} Rd7
{[%clk 0:05:45]} 35. Rxd7 {[%clk 0:26:18]} Qxd7 {[%clk 0:06:02]} 36. Qc6 {[%clk
0:24:52]} Qe7 {[%clk 0:06:00]} 37. Qxc8+ {[%clk 0:25:09]} Nxc8 {[%clk 0:06:22]}
38. Bxe7 {[%clk 0:25:34]} Nxe7 {[%clk 0:06:33]} 39. d6 {[%clk 0:25:54]} 1-0